00464nam a2200145Ia 4500008004100000020001800041041000800059082001600067100007100083245006600154250001300220260006400233300000900297650001200306231031s2017 xx 000 0 und d a9789332586284 aeng a530/YON/FRE aYoung, Hugh D.; Freedman, Roger A.; Ford, A. Lewis; Young, Hugh D. aSears and Zemansky's university physics : with modern physics a14th Ed. aChennaibPearson India Edu. Service Pvt. Ltd. Chennaic2017 a1593 aPhysics